Kvantitatívne metódy v ekonómii II.
Uložené v:
| Hlavný autor: | |
|---|---|
| Ďalší autori: | , , , |
| Médium: | Kniha |
| Jazyk: | Slovak |
| Vydavateľské údaje: |
Košice
ELFA
2013
|
| Vydanie: | 1. vyd. |
| Predmet: | |
| Tagy: |
Žiadne tagy, Buďte prvý, kto otaguje tento záznam!
|
MARC
| LEADER | 00000nam a2200000 4500 | ||
|---|---|---|---|
| 001 | 0173692 | ||
| 005 | 20251007120209.8 | ||
| 020 | |a 978-80-8086-210-7 | ||
| 041 | 0 | |a slo | |
| 044 | |a SK | ||
| 245 | 1 | 0 | |a Kvantitatívne metódy v ekonómii II. |c Štefan Lyócsa, Eduard Baumöhl, Tomáš Výrost ; recenzenti Michal Tkáč, Silvia Megyesiová |
| 250 | |a 1. vyd. | ||
| 264 | 1 | |a Košice |b ELFA |c 2013 | |
| 300 | |a 460 s. [22,4 AH] | ||
| 610 | 2 | 0 | |a metódy kvantitatívne |
| 610 | 2 | 0 | |a pravdepodobnosť |
| 610 | 2 | 0 | |a analýza empirická |
| 610 | 2 | 0 | |a odhady |
| 610 | 2 | 0 | |a hypotézy štatistické |
| 610 | 2 | 0 | |a testovanie hypotéz |
| 610 | 2 | 0 | |a testy |
| 610 | 2 | 0 | |a matice |
| 100 | 1 | |a Lyócsa, Štefan, 1982- | |
| 700 | 1 | |a Baumöhl, Eduard, 1982- | |
| 700 | 1 | |a Výrost, Tomáš, 1978- | |
| 700 | 1 | |a Tkáč, Michal, 1958- | |
| 700 | 1 | |a Megyesiová, Silvia, 1969- | |